La Guerre des Clans de A à Z - Statistiques

Statistiques générales
  • Ce quiz a été pris 257 fois
  • Le résultat moyen est 14 sur 22
Statistiques - réponses
Lettre Indice Réponse % Correct
A Nom donné aux chats trop vieux pour combattre au sein du Clan Anciens
98%
B Terme utilisé chez les guerriers pour parler des humains Bipèdes
98%
C Ancienne guérisseuse du Clan de l'Ombre exilée par Étoile Brisée puis réintégrée dans le Clan du Tonnerre Croc Jaune
88%
E Chef du Clan du Vent tout au long du premier cycle Étoile Filante
83%
F Neveu d'Étoile de Feu, chat domestique intégré au Clan du Tonnerre Flocon de Neige
83%
L Mot utilisé dans les Clans pour désigner une période d'environ un mois, d'après un phénomène naturel Lune
78%
P Guérisseuse du Clan du Tonnerre au début du premier tome, beaucoup aimée d'Étoile de Feu Petite Feuille
78%
G Chat solitaire ami de Nuage de Jais habitant auprès d'une ferme à la lisière du territoire du Clan du Vent Gerboise
76%
R Amoureuse de Plume Grise, qui fait partie d'un autre Clan Rivière d'Argent
75%
S Autre nom de Cœur Blanc, donné par Étoile Bleue dans sa colère contre le Clan des Étoiles Sans Visage
70%
T Premier lieutenant d'Étoile de Feu, tué lors d'un combat contre le Clan du Sang Tornade Blanche
70%
M Menace envoyée par Étoile du Tigre de laquelle Étoile Bleue s'est sacrifiée pour sauver le Clan du Tonnerre Meute de chiens
63%
Q Lieu où se déroulent les Assemblées des Clans chaque pleine lune Quatre Chênes
63%
N Apprenti du Clan du Tonnerre mort à cause de cette menace Nuage Agile
60%
W Nom anglais de la saga Warriors
58%
H Endroit rocailleux où se situe la Grotte de la Vie, dans laquelle les chefs reçoivent leurs neuf vies Hautes Pierres
57%
D Vieux chat mort dans l'incendie du tome 4 Demi-Queue
55%
V Guerrier du Clan du Tonnerre tué par Étoile du Tigre dans sa soif de vengeance Vif-Argent
54%
U Titre du tome 6 du cycle 1 de "La Guerre des Clans" Une sombre prophétie
43%
I Arbre qui produit des baies avec lesquelles Éclair Noir a empoisonné Petite Châtaigne If
40%
K Principale auteure de la saga, connue avec ses co-auteurs sous le pseudonyme d'Erin Hunter Kate Cary
15%
O Chatte du Clan de l'Ombre qui s'est révoltée contre Étoile Brisée Orage du Matin
13%
Aucun quiz correspondant
Distribution des résultats
% des personnes avec chaque résultat
Percentile par nombre de réponses
Votre historique - résultats
Vous n’avez pas pris ce quiz